Learning Resource and Development

The complete home medical encyclopedia / (Record no. 24332)

MARC details
000 -LEADER
fixed length control field 00934cam a2200265Ka 4500
001 - CONTROL NUMBER
control field completehomemedihyn00hyma
003 - CONTROL NUMBER IDENTIFIER
control field CaSfIA
005 - DATE AND TIME OF LATEST TRANSACTION
control field 20230525155250.0
007 - PHYSICAL DESCRIPTION FIXED FIELD--GENERAL INFORMATION
fixed length control field cr||||
008 - FIXED-LENGTH DATA ELEMENTS--GENERAL INFORMATION
fixed length control field 090115s1993 xxu 000 0 spa d
040 ## - CATALOGING SOURCE
Original cataloging agency DRPUC
Language of cataloging spa
Transcribing agency DRPUC
Modifying agency KCP
-- CaSfIA
020 ## - INTERNATIONAL STANDARD BOOK NUMBER
International Standard Book Number 0380007827
020 ## - INTERNATIONAL STANDARD BOOK NUMBER
International Standard Book Number 9780380007820
035 ## - SYSTEM CONTROL NUMBER
System control number (OCoLC)298439174
082 ## - DEWEY DECIMAL CLASSIFICATION NUMBER
Classification number 610.3
Item number H996c
100 1# - MAIN ENTRY--PERSONAL NAME
Personal name Hyman, Harold Thomas.
245 14 - TITLE STATEMENT
Title The complete home medical encyclopedia /
Medium [electronic resource]
Statement of responsibility, etc. Harold Thomas Hyman
260 ## - PUBLICATION, DISTRIBUTION, ETC.
Place of publication, distribution, etc. New York :
Name of publisher, distributor, etc. Avon Books,
Date of publication, distribution, etc. 1973.
300 ## - PHYSICAL DESCRIPTION
Extent 831 p.
500 ## - GENERAL NOTE
General note Incluye índice.
650 #4 - SUBJECT ADDED ENTRY--TOPICAL TERM
Topical term or geographic name entry element Medicina
General subdivision Diccionarios.
650 #4 - SUBJECT ADDED ENTRY--TOPICAL TERM
Topical term or geographic name entry element Medicina popular
General subdivision Diccionarios.
856 41 - ELECTRONIC LOCATION AND ACCESS
Uniform Resource Identifier <a href="http://www.archive.org/details/completehomemedihyn00hyma">http://www.archive.org/details/completehomemedihyn00hyma</a>
Public note Free eBook from the Internet Archive
856 42 - ELECTRONIC LOCATION AND ACCESS
Uniform Resource Identifier <a href="http://www.openlibrary.org/books/OL24398825M">http://www.openlibrary.org/books/OL24398825M</a>
Public note Additional information and access via Open Library
Holdings
Withdrawn status Lost status Damaged status Not for loan Collection Home library Current library Date acquired Total Checkouts Date last seen Price effective from Koha item type
        Project Gutenberg Main Library Main Library 05/25/2023   05/25/2023 05/25/2023 EBooks